| 000 | 01010nam a22002655a 4500 | ||
|---|---|---|---|
| 003 | OSt | ||
| 005 | 20160919143914.0 | ||
| 008 | 160919s2010 ua frb 000 0 ara d | ||
| 015 | _a2010/13160 | ||
| 020 | _a97897704646306 | ||
| 040 |
_aEG-ScBUE _bara _cEG-ScBUE |
||
| 043 | _af-ua--- | ||
| 082 | 0 | 4 |
_a343.620143 _bع ب د _222 |
| 100 | 1 |
_aعبد الخالق، عبد المعطي. _941117 |
|
| 245 | 1 | 0 |
_aطرق الطعن في الأحكام الصادرة من المحاكم العسكرية / _cعبد المعطي عبد الخالق. |
| 260 |
_aالقاهرة : _bدار النهضة العربية، _c2010. |
||
| 300 |
_a148 ص. ؛ _c24 سم. |
||
| 504 | _aيشتمل على إرجاعات ببليوجرافية. | ||
| 650 | 7 |
_aالطعن في الأحكام _zمصر. _2BUEsh _941120 |
|
| 650 | 7 |
_aالمحاكم العسكرية _zمصر. _2BUEsh _941118 |
|
| 650 | 7 |
_aالقانون العسكري _zمصر. _2BUEsh _941119 |
|
| 651 | _2BUEsh | ||
| 653 |
_bLLAAWW _cSeptember2016 |
||
| 942 | _2ddc | ||
| 999 |
_c22364 _d22336 |
||